00638nam a2200193Ia 4500008004100000020001800041082001700059100001700076245007600093250000700169260003500176300002300211500001900234600002000253650002000273942000700293952012700300999001700427240925s9999 xx 000 0 und d a9780071629652 a332.6453 WAR aWarner, Adam 0aOptions Volatility Trading: strategies for profiting from market swings aNA aNew York:bMcGraw-Hillc,2010. a232p.b0fOriginal aIncludes Index aSocial Sciences aSocial Sciences cBK 001040708SSaUITUbUITUd2018-12-23eBook Stationg300.00l0o332.6453 WARpQ12482r2024-09-25 07:16:30w2024-09-25yBK c14981d14981